Statistics for Marilyn Monroe Filmography

Click here to take the quiz!

General Stats

  • This quiz has been taken 171 times
    (117 since last reset)
  • The average score is 25 of 63

Answer Stats

TypeYearName% Correct
Film1953Gentlemen Prefer Blondes
95%
Film1955The Seven Year Itch
93%
Film1953Niagara
86%
Film1961The Misfits
86%
Film1959Some Like It Hot
84%
Film1953How to Marry a Millionaire
79%
Film1957The Prince and the Showgirl
76%
Film1956Bus Stop
71%
Film1960Let's Make Love
68%
Documentary1963Marilyn
64%
Film1952Monkey Business
64%
TV Documentary1990Marilyn: Something's Got to Give
59%
Short Film1962Something's Got to Give
59%
Film1955There's No Business Like Show Business
58%
Film1952O. Henry's Full House
57%
Film1948Scudda Hoo! Scudda Hay!
57%
Film1952Don't Bother to Knock
55%
Film1954River of No Return
55%
Film1948Ladies of the Chorus
54%
TV Show1954The Bob Hope Show
54%
Film1950The Asphalt Jungle
53%
TV Show1952, 1953The Jack Benny Program
53%
Film1951Love Nest
49%
Film1950Right Cross
49%
Film1952We're Not Married!
49%
Short Documentary2019Marilyn and I
47%
TV Special1962President Kennedy's Birthday Salute
47%
TV Documentary1992The Marilyn Files
46%
Documentary2012Love, Marilyn
45%
Film1951Home Town Story
43%
Film1950The Fireball
43%
Film1950A Ticket to Tomahawk
41%
Film1947Dangerous Years
41%
TV Documentary1998Marilyn in Manhattan
41%
Film1951As Young as You Feel
34%
Short Documentary1989Hollywood Remembers Marilyn Monroe
33%
Film1949Love Happy
33%
TV Documentary2001Marilyn on Marilyn
33%
Theater1947, 1952Glamour Preferred
32%
Film1948Green Grass of Wyoming
28%
Documentary Mini-Series2022Reframed: Marilyn Monroe
28%
Theater1956Anna Christie
26%
Film1952Clash by Night
26%
TV Documentary1992Marilyn: The Last Interview
26%
Documentary2004Marilyn's Man
25%
Film1951Let's Make It Legal
22%
TV Documentary1988Remembering Marilyn
22%
Short Documentary2020Marilyn Monroe: Photobiography
21%
TV Documentary1965The Legend of Marilyn Monroe
20%
TV Documentary2001Marilyn Monroe: The Final Days
17%
Short Documentary2011My Week with Marilyn: The Untold Story of an American Icon
16%
Radio Series1952, 1953The Dean Martin and Jerry Lewis Show
11%
Commercial1950Union Oil Royal Triton
3%
Documentary2017Marilyn Monroe: Auction of a Lifetime
1%
TV Documentary1986Marilyn Monroe: Beyond the Legend
1%
Documentary2012Marilyn Monroe: In the Movies
1%
Documentary2022Marilyn Monroe: Murder on Fifth Helena Drive
1%
Documentary1992Marilyn: Portrait of a Legend
1%
Radio Series1952The Charlie McCarthy Show
1%
Documentary2012Le Secret de la Dernière Malle de Marilyn
0%
TV Documentary2008Marilyn, Dernières Séances
0%
Documentary2010Marilyn Monroe - Ich Möchte Geliebt Werden
0%
Documentary2010Marilyn Monroe - Tod Einer Ikone
0%

Score Distribution

Percentile by Number Answered

Percent of People with Each Score

Your Score History

You have not taken this quiz since the last reset